LIBRARY & INFORMATION CENTRE, KCAET, TAVANUR

ONLINE PUBLIC ACCESS CATALOGUE (OPAC)

Complete Garden Planning Book (Garden Planning Box) (Record no. 19448)

MARC details
000 -LEADER
fixed length control field 00325nam a22001217a 4500
003 - CONTROL NUMBER IDENTIFIER
control field OSt
008 - FIXED-LENGTH DATA ELEMENTS--GENERAL INFORMATION
fixed length control field 250224b |||||||| |||| 00| 0 eng d
041 ## - LANGUAGE CODE
Language code of text/sound track or separate title eng
100 ## - MAIN ENTRY--AUTHOR NAME
Personal name Peter McHoy
245 ## - TITLE STATEMENT
Title Complete Garden Planning Book (Garden Planning Box)
260 ## - PUBLICATION, DISTRIBUTION, ETC. (IMPRINT)
Place of publication London:
Name of publisher Hermes Hou , Annes Publishing Ltd
942 ## - ADDED ENTRY ELEMENTS (KOHA)
Koha item type Books
Holdings
Withdrawn status Lost status Damaged status Home library Current library Date acquired Source of acquisition Accession Number Koha item type
      KAUAET KAUAET 24/02/2025 Penta Books, Calicut 22187 Books
free website counter